[Event "Toronto op"]
[Site "Toronto"]
[Date "1998.05.17"]
[Round "7"]
[White "Ziatdinov, Raset"]
[Black "Kudrin, Sergey"]
[Result "1/2-1/2"]
[WhiteElo "2515"]
[BlackElo "2565"]
[PlyCount "100"]
[EventDate "1998.05.14"]
[Source "ChessBase"]
[SourceDate "1998.09.09"]

1. e4 c5 2. Nf3 d6 3. d4 cxd4 4. Nxd4 Nf6 5. Nc3 g6 6. Be3 Bg7 7. f3 Nc6 8. Bc4 O-O 9. Qd2 Bd7 10. Nde2 Ne5 11. Bb3 b5 12. Bh6 b4 13. Nd5 Bxh6 14. Qxh6 Nxd5 15. Bxd5 Rc8 16. h4 Rxc2 17. h5 g5 18. Qxg5+ Kh8 19. Qe3 Bb5 20. Nf4 Qb6 21. Qxb6 axb6 22. Bb3 Rxb2 23. O-O-O Rf2 24. Rd2 Rc8+ 25. Kd1 Rxd2+ 26. Kxd2 Nc4+ 27. Ke1 h6 28. Nd5 e6 29. Nxb4 Na5 30. Kd2 Kg7 31. Rb1 Kf6 32. Nc2 Nxb3+ 33. axb3 Ra8 34. g4 Ra2 35. Kc3 Kg5 36. Rg1 e5 37. Rg2 Ra8 38. Rd2 Rd8 39. Na3 Ba6 40. Nc4 Rc8 41. Kb4 Bxc4 42. bxc4 Rc6 43. Rd3 Kf4 44. Rc3 Rc5 45. Rd3 Rc6 46. Ra3 f6 47. Rd3 Kg3 48. Rc3 Rc5 49. Rd3 Rc6 50. Rc3 Rc5 1/2-1/2

[Event "RUS-Cup02"]
[Site "Moscow"]
[Date "1998.??.??"]
[Round "7"]
[White "Korneev, Oleg"]
[Black "Bezgodov, Alexei"]
[Result "1-0"]
[WhiteElo "2560"]
[BlackElo "2520"]
[PlyCount "111"]
[EventDate "1998.01.21"]
[Source "ChessBase"]
[SourceDate "1998.04.09"]

1. e4 c5 2. Nf3 d6 3. d4 cxd4 4. Nxd4 Nf6 5. Nc3 g6 6. Be3 Bg7 7. f3 O-O 8. Qd2 Nc6 9. Bc4 Nd7 10. O-O-O Nb6 11. Bb3 Na5 12. Qd3 Nxb3+ 13. axb3 a5 14. Nde2 a4 15. b4 a3 16. b3 d5 17. Bd4 e5 18. Bxb6 Qxb6 19. Nxd5 Qf2 20. g4 Be6 21. Nec3 Rfd8 22. Kb1 a2+ 23. Ka1 Bf8 24. Rd2 Qh4 25. Qe2 Rd6 26. Rhd1 Rad8 27. Rd3 Rc8 28. Kxa2 Rdc6 29. Kb2 Bxd5 30. exd5 R6c7 31. d6 Bxd6 32. Rxd6 Rxc3 33. R1d2 Qe7 34. R6d3 f6 35. Qe4 R3c7 36. h4 Kg7 37. g5 Re8 38. gxf6+ Qxf6 39. Rd6 Re6 40. Rd7+ Re7 41. R7d6 Re6 42. Rxe6 Qxe6 43. f4 Re7 44. fxe5 Qxe5+ 45. Qxe5+ Rxe5 46. Rd7+ Kh6 47. Rxb7 Re4 48. b5 Rxh4 49. c4 g5 50. b6 Rf4 51. Rc7 Rf8 52. b7 Rb8 53. c5 g4 54. c6 g3 55. Rd7 g2 56. Rd1 1-0

[Event "Capablanca mem Elite 39th"]
[Site "Havana"]
[Date "2004.05.16"]
[Round "9"]
[White "Gonzalez, Yuri"]
[Black "Felgaer, Ruben"]
[Result "1/2-1/2"]
[WhiteElo "2481"]
[BlackElo "2592"]
[PlyCount "60"]
[EventDate "2004.05.06"]
[Source "ChessBase"]
[SourceDate "2004.07.27"]

1. e4 c5 2. Nf3 Nc6 3. Nc3 g6 4. d4 cxd4 5. Nxd4 Bg7 6. Be3 Nf6 7. Bc4 O-O 8. Bb3 d6 9. f3 Bd7 10. Qd2 Nxd4 11. Bxd4 b5 12. O-O-O a5 13. e5 dxe5 14. Bxe5 a4 15. Bd5 Ra7 16. Nxb5 Bxb5 17. Bxf7+ Kxf7 18. Qxd8 Rxd8 19. Rxd8 Bh6+ 20. Kb1 Nd7 21. Bc3 Bf4 22. Rd1 h5 23. h3 Rb7 24. b3 Bd6 25. Bb2 Nf8 26. Ra8 Ne6 27. Rh8 Bg3 28. Rh7+ Kg8 29. Rh8+ Kf7 30. Rh7+ Kg8 1/2-1/2

[Event "Monarch Assurance XII"]
[Site "Port Erin"]
[Date "2003.10.04"]
[Round "8.7"]
[White "Moreno Carnero, Javier"]
[Black "Korneev, Oleg"]
[Result "1/2-1/2"]
[WhiteElo "2512"]
[BlackElo "2561"]
[PlyCount "62"]
[EventDate "2003.09.27"]
[Source "Roberto Alvarez"]
[SourceDate "2003.10.06"]

1. e4 c5 2. Nf3 g6 3. d4 cxd4 4. Nxd4 Nc6 5. Nc3 Bg7 6. Be3 Nf6 7. Bc4 O-O 8. Bb3 d6 9. f3 Bd7 10. Qd2 Nxd4 11. Bxd4 b5 12. h4 a5 13. h5 a4 14. Bxf6 exf6 15. Bd5 b4 16. Ne2 f5 17. hxg6 hxg6 18. exf5 Bxf5 19. g4 Be6 20. Bxa8 Qxa8 21. Kf2 Rc8 22. a3 Bxb2 23. axb4 Qa7+ 24. Kg2 Bc4 25. Ng3 a3 26. c3 Bxc3 27. Qxd6 a2 28. Ne4 Qd4 29. Qxd4 Bxd4 30. Nd6 Bxa1 31. Rxa1 Rc6 1/2-1/2

[Event "III President's Cup"]
[Site "Baku AZE"]
[Date "2008.05.16"]
[Round "5"]
[White "Ashwin, J."]
[Black "Guseinov, G."]
[Result "0-1"]
[WhiteElo "2446"]
[BlackElo "2625"]
[PlyCount "96"]
[EventDate "2008.05.12"]
[Source "www.chesslib.no"]
[SourceDate "2004.05.04"]

1. e4 c5 2. Nf3 g6 3. d4 cxd4 4. Nxd4 Nc6 5. Nc3 Bg7 6. Be3 Nf6 7. Bc4 O-O 8. Bb3 d6 9. f3 Bd7 10. Qd2 Nxd4 11. Bxd4 b5 12. a4 b4 13. Nd5 Nxd5 14. Bxg7 Kxg7 15. exd5 Qa5 16. h4 h6 17. Qd4+ Kg8 18. Qe3 Kg7 19. Kf2 Rfe8 20. Rhe1 Rac8 21. Qd4+ Kg8 22. Qf4 Kg7 23. Re4 Qc5+ 24. Kg3 e5 25. dxe6 Bxe6 26. Rae1 g5 27. hxg5 hxg5 28. Qe3 Qxe3 29. R4xe3 Kf6 30. a5 Rc5 31. Re4 Re5 32. Rxe5 dxe5 33. Bxe6 Kxe6 34. Re4 Rc8 35. Rxb4 Rxc2 36. Rb7 f5 37. b4 f4+ 38. Kh2 g4 39. fxg4 f3 40. Rxa7 f2 41. Ra6+ Ke7 42. Ra7+ Kf8 43. Ra8+ Kg7 44. Ra7+ Kg6 45. Ra6+ Kg5 46. Ra8 f1=Q 47. Rg8+ Kh6 48. g5+ Kh7 0-1

[Event "Istanbul ol (Men)"]
[Site "Istanbul"]
[Date "2000.11.12"]
[Round "14"]
[White "Macieja, Bartlomiej"]
[Black "Rogozenko, Dorian"]
[Result "1-0"]
[WhiteElo "2536"]
[BlackElo "2531"]
[PlyCount "59"]
[EventDate "2000.10.??"]
[Source "www.chesslib.no"]
[SourceDate "2004.05.04"]

1. e4 c5 2. Nf3 Nc6 3. Nc3 g6 4. d4 cxd4 5. Nxd4 Bg7 6. Be3 Nf6 7. Bc4 O-O 8. Bb3 d6 9. f3 Bd7 10. Qd2 Rc8 11. O-O-O Nxd4 12. Bxd4 b5 13. Nd5 Nxd5 14. Bxg7 Kxg7 15. exd5 a5 16. a3 Qb6 17. Rhe1 Rfe8 18. g4 Rc7 19. Kb1 Bc8 20. Re3 Qa7 21. Rde1 Qb6 22. Re4 Qa7 23. h3 Qb6 24. Ka1 Qa7 25. h4 h6 26. h5 g5 27. f4 a4 28. Ba2 Bxg4 29. fxg5 Bxh5 30. Qh2 1-0

[Event "Internatonal Open"]
[Site "Sydney AUS"]
[Date "2008.03.27"]
[Round "5"]
[White "Ganguly, S."]
[Black "Zhao Zong Yuan"]
[Result "1-0"]
[WhiteElo "2579"]
[BlackElo "2487"]
[PlyCount "135"]
[EventDate "2008.03.25"]
[Source "www.chesslib.no"]
[SourceDate "2004.05.04"]

1. e4 c5 2. Nf3 d6 3. d4 cxd4 4. Nxd4 Nf6 5. Nc3 g6 6. Be3 Bg7 7. f3 O-O 8. Qd2 Nc6 9. Bc4 Bd7 10. Bb3 Na5 11. Bh6 Bxh6 12. Qxh6 e5 13. Nde2 b5 14. Nd5 Nxb3 15. Nxf6+ Qxf6 16. axb3 d5 17. Nc3 dxe4 18. Nxe4 Qe7 19. Ra6 f5 20. Ng5 Qg7 21. Qxg7+ Kxg7 22. O-O Bc8 23. Rc6 h6 24. Rc7+ Kg8 25. Nh3 Be6 26. Re1 Rfc8 27. Rxc8+ Rxc8 28. Rxe5 Bf7 29. Re2 b4 30. Rd2 a5 31. Nf4 Kg7 32. Kf2 g5 33. Nd3 f4 34. Ne1 Rc5 35. Rd7 Kf6 36. Ke2 h5 37. Kd2 Be6 38. Rd4 Rd5 39. Rxd5 Bxd5 40. Nd3 Kf5 41. Ke2 g4 42. Kf2 gxf3 43. gxf3 Bf7 44. h4 Bg8 45. Ke2 Bd5 46. Nc5 Ke5 47. c3 bxc3 48. bxc3 Kd6 49. Ne4+ Ke5 50. Nd2 Be6 51. Kd3 Kd5 52. Nc4 a4 53. Nb6+ Kc6 54. Nxa4 Bxb3 55. Nb2 Bd5 56. Nc4 Kc5 57. Nd2 Bb7 58. c4 Kd6 59. Kd4 Bc6 60. Ne4+ Ke6 61. Ng5+ Kf5 62. Kc5 Bxf3 63. Nxf3 Kg4 64. Ne5+ Kxh4 65. Kd4 Kg3 66. Ke4 h4 67. c5 h3 68. Nf3 1-0

[Event "EU-ch 2nd"]
[Site "Ohrid"]
[Date "2001.06.09"]
[Round "8"]
[White "Moreno Carnero, Javier"]
[Black "Pigusov, Evgeny"]
[Result "1/2-1/2"]
[WhiteElo "2480"]
[BlackElo "2584"]
[PlyCount "45"]
[EventDate "2001.06.01"]
[Source "ChessBase"]
[SourceDate "2001.09.13"]

1. e4 c5 2. Nf3 Nc6 3. d4 cxd4 4. Nxd4 g6 5. Nc3 Bg7 6. Be3 Nf6 7. Bc4 O-O 8. Bb3 d6 9. f3 Bd7 10. Qd2 Nxd4 11. Bxd4 b5 12. h4 a5 13. h5 e6 14. a4 bxa4 15. Nxa4 Bc6 16. hxg6 hxg6 17. O-O-O Rb8 18. Bc3 d5 19. g4 Bxa4 20. Bxa4 Qb6 21. e5 Nh7 22. Qh2 Ng5 23. Qf4 1/2-1/2

[Event "Goodbye Summer Open"]
[Site "Omis"]
[Date "2004.10.10"]
[Round "7"]
[White "Palac, Mladen"]
[Black "Cebalo, Miso"]
[Result "1/2-1/2"]
[WhiteElo "2543"]
[BlackElo "2520"]
[PlyCount "44"]
[EventDate "2004.10.06"]
[Source "Roberto Alvarez"]
[SourceDate "2004.10.18"]

1. e4 c5 2. Nf3 d6 3. d4 cxd4 4. Nxd4 Nf6 5. Nc3 g6 6. Be3 Bg7 7. f3 O-O 8. Qd2 Nc6 9. Bc4 Bd7 10. Bb3 Na5 11. O-O-O Rb8 12. Bh6 Bxh6 13. Qxh6 b5 14. h4 e5 15. Nde2 b4 16. Nd5 Nxb3+ 17. cxb3 Nxd5 18. Rxd5 Rb6 19. Kb1 Be6 20. Rd3 f5 21. h5 Qf6 22. hxg6 Qxg6 1/2-1/2

[Event "URS-ch1L"]
[Site "Kischniev"]
[Date "1975.??.??"]
[Round "?"]
[White "Klovans, Janis"]
[Black "Tseshkovsky, Vitaly V"]
[Result "1/2-1/2"]
[WhiteElo "2500"]
[BlackElo "2555"]
[PlyCount "68"]
[EventDate "1975.10.??"]
[Source "www.chesslib.no"]
[SourceDate "2004.05.04"]

1. e4 c5 2. Nf3 Nc6 3. d4 cxd4 4. Nxd4 g6 5. Nc3 Bg7 6. Be3 Nf6 7. Bc4 O-O 8. Bb3 d6 9. f3 Bd7 10. Qd2 Nxd4 11. Bxd4 b5 12. h4 a5 13. a4 bxa4 14. Nxa4 e5 15. Bc3 Bb5 16. g4 d5 17. Bxd5 Nxd5 18. Qxd5 Qb8 19. Qc5 Ra6 20. Qe3 Rc8 21. Kf2 Bf8 22. Kg2 Rc4 23. b3 Rc8 24. Rhc1 Rac6 25. Bxa5 Rxc2+ 26. Kg3 Bxa4 27. Rxc2 Rxc2 28. Rxa4 Qb5 29. Bd2 Qd7 30. Be1 Qd1 31. Bf2 Rb2 32. Rc4 Rxb3 33. Rc1 Rxe3 34. Rxd1 Rc3 1/2-1/2

[Event "FRA-ch Pool A"]
[Site "Marsailles"]
[Date "2001.08.16"]
[Round "4"]
[White "Fontaine, Robert"]
[Black "Degraeve, Jean Marc"]
[Result "1/2-1/2"]
[WhiteElo "2452"]
[BlackElo "2602"]
[PlyCount "39"]
[EventDate "2001.08.13"]
[Source "ChessBase"]
[SourceDate "2001.11.13"]

1. e4 c5 2. Nf3 g6 3. d4 Bg7 4. Nc3 cxd4 5. Nxd4 Nc6 6. Be3 Nf6 7. Bc4 O-O 8. Bb3 d6 9. f3 Bd7 10. Qd2 Nxd4 11. Bxd4 b5 12. O-O a5 13. a4 b4 14. Nd5 Nxd5 15. exd5 Bxd4+ 16. Qxd4 Qc7 17. Rfe1 Rfe8 18. Kh1 e5 19. dxe6 Bxe6 20. Bxe6 1/2-1/2

[Event "It (Men) Cuernavaca MEX"]
[Site "?"]
[Date "2006.02.06"]
[Round "4"]
[White "Cheparinov Ivan"]
[Black "Leon Hoyos Manuel"]
[Result "0-1"]
[WhiteElo "2625"]
[BlackElo "2428"]
[PlyCount "76"]
[EventDate "2006.??.??"]
[Source "www.chesslib.no"]
[SourceDate "2004.05.04"]

1. e4 c5 2. Nf3 Nc6 3. d4 cxd4 4. Nxd4 g6 5. Nc3 Bg7 6. Be3 Nf6 7. Bc4 O-O 8. Bb3 d6 9. f3 Bd7 10. Qd2 Nxd4 11. Bxd4 b5 12. h4 a5 13. h5 a4 14. Bd5 b4 15. Bxf6 exf6 16. Ne2 f5 17. hxg6 hxg6 18. Bxa8 Qxa8 19. Qxd6 Bb5 20. Nf4 Rd8 21. Qe7 fxe4 22. Kf2 Qc8 23. Qg5 Ba6 24. Kg3 Re8 25. Rad1 e3 26. Rhe1 Qc7 27. Kh3 e2 28. Rd2 Bxb2 29. Nd5 Qc8+ 30. g4 Kg7 31. Nf4 Rh8+ 32. Kg2 Bf6 33. Qd5 Rd8 34. g5 Rxd5 35. gxf6+ Kxf6 36. Nxd5+ Kg7 37. Kf2 Qh3 38. Rd4 Qh2+ 0-1

[Event "Buenos Aires ARG, Team Ch 2005"]
[Site "?"]
[Date "2005.05.26"]
[Round "2.1"]
[White "Alonso Salvador"]
[Black "Felgaer Ruben"]
[Result "1/2-1/2"]
[WhiteElo "2459"]
[BlackElo "2593"]
[PlyCount "39"]
[EventDate "2005.??.??"]
[Source "www.chesslib.no"]
[SourceDate "2004.05.04"]

1. e4 c5 2. Nf3 Nc6 3. Nc3 g6 4. d4 cxd4 5. Nxd4 Bg7 6. Be3 Nf6 7. Bc4 O-O 8. Bb3 d6 9. f3 Bd7 10. Qd2 Nxd4 11. Bxd4 b5 12. a4 b4 13. Nd5 Nxd5 14. Bxg7 Kxg7 15. exd5 a5 16. h4 e5 17. dxe6 Bxe6 18. O-O-O Bxb3 19. cxb3 Re8 20. h5 1/2-1/2

[Event "Moscow RUS"]
[Site "?"]
[Date "2006.02.02"]
[Round "5"]
[White "Shomoev Anton"]
[Black "Savchenko Boris"]
[Result "0-1"]
[WhiteElo "2482"]
[BlackElo "2569"]
[PlyCount "68"]
[EventDate "2006.??.??"]
[Source "www.chesslib.no"]
[SourceDate "2004.05.04"]

1. e4 c5 2. Nf3 Nc6 3. d4 cxd4 4. Nxd4 g6 5. Nc3 Bg7 6. Be3 Nf6 7. Bc4 O-O 8. Bb3 d6 9. f3 Bd7 10. Qd2 Nxd4 11. Bxd4 b5 12. a4 b4 13. Nd5 Nxd5 14. Bxg7 Kxg7 15. exd5 Qb6 16. h4 h5 17. O-O-O Qa5 18. g4 Bxa4 19. Bxa4 Qxa4 20. Qd4+ Kh6 21. gxh5 Rac8 22. Rh2 Qa1+ 23. Kd2 Qa2 24. hxg6 Rc5 25. Ke3 fxg6 26. h5 g5 27. Qe4 Rf6 28. Qxe7 Qxb2 29. Qe8 Qc3+ 30. Rd3 Rc8 31. Qe7 Qc5+ 32. Rd4 Rcf8 33. Rf2 Qc3+ 34. Rd3 Rxf3+ 0-1

[Event "Bled (ol) 86/210"]
[Site "?"]
[Date "2002.??.??"]
[Round "?"]
[White "Guseinov, K."]
[Black "Ivanisevic, I."]
[Result "0-1"]
[WhiteElo "2513"]
[BlackElo "2537"]
[PlyCount "46"]
[EventDate "2002.??.??"]
[Source "Chess Informant"]
[SourceDate "2002.10.01"]

1. e4 c5 2. Nc3 g6 3. Nf3 Bg7 4. d4 cxd4 5. Nxd4 Nc6 6. Be3 Nf6 7. Bc4 O-O 8. Bb3 d6 9. f3 Bd7 10. Qd2 Nxd4 11. Bxd4 b5 12. O-O-O a5 13. e5 dxe5 14. Bxe5 a4 15. Bd5 Rc8 16. Bb7 Rc7 17. Ba6 b4 18. Nb5 Rc5 19. Bxf6 Bxf6 20. Qxd7 Qa5 21. Qb7 b3 22. c3 a3 23. bxa3 Rxb5 0-1